[Event "Ogolnopolska Olimpiada Mlodziezy C-12"]
[Site "Spala"]
[Date "1899-12-30"]
[Round "1.1"]
[White "Pultorak, Jan"]
[Black "Paliwoda, Borys"]
[Result "1-0"]
[WhiteTitle "I"]
[BlackTitle "II"]
[WhiteElo "1965"]
[BlackElo "1499"]

1. e4 c5 2. Nf3 e6 3. d4 cxd4 4. Nxd4 a6 5. Bd3 b5 6. O-O Qb6 7. Nb3 Bb7 8. Be3
Qc7 9. a4 b4 10. N1d2 Nf6 11. f4 Nc6 12. Nc4 Be7 13. Nb6 Rd8 14. e5 Nd5 15. Nxd5
exd5 16. a5 d4 17. Nxd4 Nxa5 18. Nf5 g6 19. Nd6+ Kf8 20. Nxb7 Nxb7 21. Bxa6 Nc5
22. f5 Ra8 23. f6 Rxa6 24. fxe7+ Kxe7 25. Qd5 Rxa1 26. Bxc5+ Kd8 27. Rxa1 d6 28.
Bxd6 Qd7 29. Ra8+ Qc8 30. Rxc8+ Kxc8 31. Qc6+ Kd8 32. Qc7+ Ke8 33. Qc8# 1-0

[Event "Ogolnopolska Olimpiada Mlodziezy C-12"]
[Site "Spala"]
[Date "1899-12-30"]
[Round "1.2"]
[White "Frydrych, Lukasz"]
[Black "Kosakowski, Jakub"]
[Result "0-1"]
[WhiteTitle "II"]
[BlackTitle "I+"]
[WhiteElo "1493"]
[BlackElo "1953"]

1. e4 c5 2. Nc3 d6 3. g3 Nc6 4. Bg2 g6 5. d3 Bg7 6. Be3 e6 7. Qd2 Nge7 8. Nge2
Nd4 9. O-O Nec6 10. f4 O-O 11. h3 Rb8 12. g4 f5 13. Nd1 fxg4 14. hxg4 Qh4 15.
c3 Nxe2+ 16. Qxe2 Bd7 17. Bf2 Qe7 18. Bg3 b5 19. Ne3 b4 20. Qd2 Kh8 21. Nc4 e5
22. f5 Bf6 23. Qf2 Bg5 24. Kh2 Bc8 25. Rh1 Ba6 26. cxb4 Nxb4 27. Bf1 Kg8 28. Kg2
Bb7 29. Bh4 d5 30. Bxg5 Qxg5 31. Nxe5 dxe4 32. Kg1 Rxf5 33. Qh2 Qe3+ 0-1

[Event "Ogolnopolska Olimpiada Mlodziezy C-12"]
[Site "Spala"]
[Date "1899-12-30"]
[Round "1.3"]
[White "Teclaf, Pawel"]
[Black "Lipiak, Mateusz"]
[Result "1-0"]
[WhiteTitle "CM"]
[BlackTitle "I"]
[WhiteElo "1917"]
[BlackElo "1489"]

1. e4 Nf6 2. e5 Nd5 3. d4 d6 4. Bc4 Nb6 5. Bb3 dxe5 6. Qh5 e6 7. dxe5 Nc6 8. Nf3
Be7 9. Nc3 O-O 10. Be3 Na5 11. Ng5 h6 12. Nge4 Nbc4 13. O-O Nxe3 14. fxe3 Nxb3
15. axb3 f5 16. exf6 Bxf6 17. Rad1 Qe7 18. Nxf6+ Rxf6 19. Rxf6 Qxf6 20. Qe8+ Qf8
21. Qd8 Qxd8 22. Rxd8+ Kf7 23. Nb5 Ke7 24. Rg8 Kf7 25. Rh8 b6 26. Nxc7 Rb8 27.
Nb5 Ke7 28. Nxa7 Kd7 29. Rxc8 Rxc8 30. Nxc8 Kxc8 31. Kf2 Kd7 32. Kf3 Kd6 33. Ke4
g5 34. g4 Kd5+ 1-0

[Event "Ogolnopolska Olimpiada Mlodziezy C-12"]
[Site "Spala"]
[Date "1899-12-30"]
[Round "1.4"]
[White "Bujalski, Mateusz"]
[Black "Lis, Mateusz"]
[Result "0-1"]
[WhiteTitle "II"]
[BlackTitle "I"]
[WhiteElo "1474"]
[BlackElo "1846"]

1. d4 Nf6 2. Nf3 g6 3. Bg5 Bg7 4. e3 O-O 5. Bd3 d6 6. Nbd2 Nbd7 7. c3 b6 8. O-O
Bb7 9. Qe2 c5 10. Rfe1 Rc8 11. Rad1 Rc7 12. h3 Qa8 13. e4 e5 14. d5 h6 15. Bh4
Nh5 16. Nc4 Nf4 17. Qd2 g5 18. Bg3 Nxd3 19. Qxd3 Ba6 20. Nfd2 Nf6 21. Qf3 Qd8
22. Qf5 Bc8 23. Qf3 g4 24. Qd3 gxh3 25. gxh3 Nh5 26. Qf3 Nxg3 27. Qxg3 f5 28.
Kh2 Rcf7 29. Rg1 b5 30. Na3 a6 31. c4 b4 32. Nc2 fxe4 33. Nxe4 Bf5 34. f3 Qe7
35. Rd2 Kh8 36. Rdg2 Bh7 37. Ne1 Rg8 38. b3 Qf8 39. Qh4 a5 40. Kh1 Rf4 41. Qg3
Rxe4 42. fxe4 Bxe4 43. Kh2 Bxg2 44. Rxg2 e4 45. Kh1 Qf1+ 46. Rg1 Qf6 47. Nc2 Rf8
48. Ne3 Qf3+ 49. Qxf3 Rxf3 50. Ng4 h5 51. Nh2 Rxh3 52. Kg2 Rd3 53. Re1 Rd2+ 54.
Kg1 Be5 55. Nf1 Rxa2 56. Rxe4 a4 57. bxa4 b3 58. Re1 b2 59. Rb1 Rxa4 60. Nd2 Bc3
61. Ne4 Bd4+ 62. Kf1 Rxc4 63. Nd2 Rc2 64. Ke2 Bc3 65. Kd3 Rxd2+ 66. Kxc3 Rg2 67.
Rh1 Kg7 68. Rb1 h4 69. Kd3 h3 70. Ke3 h2 71. Kf3 Rg1 0-1

[Event "Ogolnopolska Olimpiada Mlodziezy C-12"]
[Site "Spala"]
[Date "1899-12-30"]
[Round "1.5"]
[White "Psyk, Radoslaw"]
[Black "Wegrzyniak, Pawel"]
[Result "0-1"]
[WhiteTitle "I+"]
[BlackTitle "II+"]
[WhiteElo "1845"]
[BlackElo "1472"]

1. e4 c5 2. Nf3 Nc6 3. d4 cxd4 4. Nxd4 Nf6 5. Nc3 d6 6. Be2 e5 7. Nb3 Be7 8. O-O
O-O 9. f4 a5 10. Be3 a4 11. Nd2 a3 12. b3 Qa5 13. Na4 b5 14. Nb6 Rb8 15. Nd5 Nxd5
16. exd5 Qc3 17. Bf2 Nb4 18. fxe5 Qxe5 19. Bf3 Bf6 20. c3 Qxc3 21. Rc1 Qb2 22.
Ne4 Be5 23. Be3 Nxa2 24. Rc2 Qxb3 25. Ba7 Rb7 26. Nd2 Qa4 27. Be3 Nc3 28. Qc1
Rc7 29. Kh1 Bf5 30. Bd1 Bxc2 31. Bxc2 Qh4 32. Nf3 Qd8 33. Nxe5 dxe5 34. Bb6 Nxd5
35. Bxc7 Qxc7 36. Rd1 Nc3 37. Rd3 Ne2 38. Rh3 Rc8 39. Bxh7+ Kf8 40. Qxa3+ Qc5
41. Qxc5+ Rxc5 42. g3 g6 43. Kg2 Kg7 44. Kf2 Rc2 45. Ke3 Nf4 46. Rh4 Ng2+ 47.
Kd3 Nxh4 48. Kxc2 Nf3 49. Bxg6 fxg6 50. h3 Ng5 51. h4 Ne4 52. g4 Nf2 53. g5 Nh1
54. Kd3 Ng3 55. Ke3 Nf5+ 56. Ke4 Nxh4 57. Kxe5 Nf3+ 58. Kd5 Nxg5 59. Kc5 Ne4+
60. Kxb5 Kf6 0-1

[Event "Ogolnopolska Olimpiada Mlodziezy C-12"]
[Site "Spala"]
[Date "1899-12-30"]
[Round "1.6"]
[White "Mike, Patryk"]
[Black "Szpar, Milosz"]
[Result "0-1"]
[WhiteTitle "II+"]
[BlackTitle "I"]
[WhiteElo "1463"]
[BlackElo "1798"]

1. e4 d6 2. d4 Nf6 3. Nc3 g6 4. f4 Bg7 5. Nf3 O-O 6. Be3 Nbd7 7. Bc4 c6 8. Bb3
Ng4 9. Qd2 b5 10. Ne2 Qc7 11. c3 Nb6 12. h3 Nxe3 13. Qxe3 a5 14. Nd2 Bb7 15. O-O
c5 16. Rac1 Rad8 17. Kh1 c4 18. Bc2 e5 19. dxe5 dxe5 20. f5 Qc6 21. Rcd1 Rd6 22.
fxg6 hxg6 23. Nf3 Re6 24. Ng3 Nd7 25. Rfe1 Rfe8 26. Re2 Nc5 27. Rde1 b4 28. Rd1
Qc7 29. Red2 f6 30. Re2 Kh7 31. Nh2 Bc8 32. Ng4 Rc6 33. Qf3 Rf8 34. Ne3 Be6 35.
Rf2 Kg8 36. Nd5 Qb7 37. Qe2 b3 38. axb3 cxb3 39. Bb1 Rf7 40. Qe3 Qc8 41. Kh2 Qf8
42. Rfd2 Kh7 43. Qf3 Rc8 44. Rf1 Nd7 45. Ne3 Qc5 46. Nd5 Rcf8 47. Qf2 Qc6 48.
Qe2 Bh6 49. Rdd1 Kg7 50. c4 Rc8 51. Bd3 Nc5 52. Ra1 a4 53. Rf2 Nxd3 54. Qxd3 Qxc4
55. Qxc4 Rxc4 56. Nb6 Rb4 57. Nd5 Bxd5 58. exd5 Rd7 59. Rd1 Rc4 60. Rdf1 Bf4 61.
Rf3 Rxd5 62. Kh1 Rd2 63. Rb1 Rcc2 0-1

[Event "Ogolnopolska Olimpiada Mlodziezy C-12"]
[Site "Spala"]
[Date "1899-12-30"]
[Round "1.7"]
[White "Szczurek, Krzysztof"]
[Black "Majocha, Piotr"]
[Result "1-0"]
[WhiteTitle "I"]
[BlackTitle "II"]
[WhiteElo "1775"]
[BlackElo "1462"]

1. d4 Nf6 2. c4 g6 3. Nc3 d5 4. cxd5 Nxd5 5. e4 Nxc3 6. bxc3 Bg7 7. Bc4 O-O 8.
Ne2 c5 9. Be3 Nc6 10. O-O Bd7 11. Rb1 cxd4 12. cxd4 Qc8 13. Qd2 b6 14. Rfc1 Qb7
15. Qd3 a6 16. a4 Na5 17. Bd5 Bc6 18. Bxc6 Nxc6 19. Qb3 Rab8 20. d5 Ne5 21. Qxb6
Qxb6 22. Rxb6 Rxb6 23. Bxb6 Nd7 24. Bd4 Rb8 25. f3 Be5 26. Bxe5 Nxe5 27. Nd4 Kf8
28. Rc3 Rb4 29. Nc6 Nxc6 30. dxc6 Rb8 31. Kf2 e6 32. e5 Ke7 33. Ke3 Rc8 34. Kd4
Kd8 35. Kc5 Kc7 36. Rd3 Rb8 37. Rd7+ Kc8 38. Rxf7 Rb2 39. Kd6 Rd2+ 40. Kxe6 Rxg2
41. Rxh7 Rc2 42. Kd6 Rd2+ 43. Kc5 Rc2+ 44. Kb6 Rb2+ 45. Kxa6 Rb3 46. e6 Rxf3 47.
e7 Re3 48. Rh8+ Kc7 49. e8=Q 1-0

[Event "Ogolnopolska Olimpiada Mlodziezy C-12"]
[Site "Spala"]
[Date "1899-12-30"]
[Round "1.8"]
[White "Manka, Mateusz"]
[Black "Kokoszczynski, Jan"]
[Result "1/2-1/2"]
[WhiteTitle "II"]
[BlackTitle "I"]
[WhiteElo "1460"]
[BlackElo "1715"]

1. e4 c6 2. d4 d5 3. Nc3 dxe4 4. Nxe4 Bf5 5. Ng3 Bg6 6. h4 h6 7. Nf3 Nd7 8. h5
Bh7 9. Bd3 Bxd3 10. Qxd3 Ngf6 11. Bd2 e6 12. O-O-O Qc7 13. Rde1 O-O-O 14. Qe2
c5 15. Ne5 Nb6 16. dxc5 Bxc5 17. Rhf1 Nbd5 18. Qc4 Rhf8 19. f4 Nb6 20. Qb3 Bd4
21. Bb4 Rfe8 22. Ne4 Nfd5 23. g3 Nxb4 24. Qxb4 Bxe5 25. fxe5 Qxe5 26. Rxf7 Qd4
27. Qc5+ Qxc5 28. Nxc5 e5 29. Rxg7 Nd7 30. Nxd7 Rxd7 31. Rxd7 Kxd7 32. Rf1 Ke6
33. g4 Rd8 34. Rg1 Kf6 35. Rf1+ Ke6 36. Rg1 Kf6 37. Rf1+ Ke6 38. Rg1 Kf6 39. Rf1+
1/2-1/2

[Event "Ogolnopolska Olimpiada Mlodziezy C-12"]
[Site "Spala"]
[Date "1899-12-30"]
[Round "1.9"]
[White "Ochowicz, Jakub"]
[Black "Wloch, Mikolaj"]
[Result "1-0"]
[WhiteTitle "II"]
[BlackTitle "II"]
[WhiteElo "1713"]
[BlackElo "1455"]

1. e4 c5 2. Nf3 d6 3. d4 cxd4 4. Nxd4 Nf6 5. Nc3 g6 6. Be3 Bg7 7. f3 O-O 8. Qd2
Nc6 9. g4 Nxd4 10. Bxd4 Be6 11. O-O-O Rc8 12. h4 Qc7 13. h5 Qa5 14. a3 b5 15.
hxg6 fxg6 16. Qg5 a6 17. Qe3 Rc6 18. Nd5 Nxd5 19. exd5 Bxd5 20. Bxg7 Rxf3 21.
Qh6 Rxc2+ 22. Kxc2 Bb3+ 23. Kb1 1-0

[Event "Ogolnopolska Olimpiada Mlodziezy C-12"]
[Site "Spala"]
[Date "1899-12-30"]
[Round "1.10"]
[White "Posluszny, Tomasz"]
[Black "Nowak, Mikolaj"]
[Result "0-1"]
[WhiteTitle "II"]
[BlackTitle "I"]
[WhiteElo "1451"]
[BlackElo "1711"]

1. d4 Nf6 2. c4 c5 3. d5 b5 4. cxb5 a6 5. b6 Qxb6 6. Nc3 g6 7. e4 d6 8. Nf3 Bg4
9. Be2 Nbd7 10. Nd2 Bxe2 11. Qxe2 Bg7 12. O-O O-O 13. a4 Ne8 14. a5 Qb7 15. Na4
Nc7 16. Nc4 Nb5 17. Nab6 Rab8 18. f4 Nd4 19. Qd3 Nxb6 20. Nxb6 Nb5 21. Rb1 Rfd8
22. f5 Qa7 23. Qh3 Nc7 24. fxg6 hxg6 25. Qf3 Bf6 26. g4 Na8 27. g5 Bd4+ 28. Kg2
Rf8 29. Nxa8 Qxa8 30. Qh3 Rb5 31. Rf3 Qb7 32. Qh4 Rb3 33. Rxb3 Qxb3 0-1

[Event "Ogolnopolska Olimpiada Mlodziezy C-12"]
[Site "Spala"]
[Date "1899-12-30"]
[Round "1.11"]
[White "Kawaler, Adam"]
[Black "Twardowski, Hubert"]
[Result "1-0"]
[WhiteTitle "I"]
[BlackTitle "II"]
[WhiteElo "1647"]
[BlackElo "1450"]

1. e4 e5 2. Nf3 Nc6 3. Bb5 a6 4. Ba4 Nf6 5. Qe2 b5 6. Bb3 Bc5 7. a4 b4 8. Bxf7+
Ke7 9. Bd5 Rf8 10. d3 h6 11. Be3 Bxe3 12. Qxe3 Bb7 13. Bxc6 Ng4 14. Qc5+ d6 15.
Qc4 1-0

[Event "Ogolnopolska Olimpiada Mlodziezy C-12"]
[Site "Spala"]
[Date "1899-12-30"]
[Round "1.12"]
[White "Wierzbicki, Michal"]
[Black "Pytel, Maciej"]
[Result "1/2-1/2"]
[WhiteTitle "II"]
[BlackTitle "I"]
[WhiteElo "1438"]
[BlackElo "1646"]

1. d4 Nf6 2. c4 e6 3. Nc3 Bb4 4. e3 b6 5. Bd3 Bb7 6. f3 Bxc3+ 7. bxc3 d6 8. Ne2
Nbd7 9. O-O O-O 10. e4 e5 11. Bg5 Qe8 12. Ng3 h6 13. Bd2 Kh7 14. Nf5 Ng8 15. Qe1
g6 16. Nxh6 Nxh6 17. Qh4 Rh8 18. Qxh6+ Kg8 19. Qg5 Rh5 20. Qg3 Kg7 21. Rae1 Qe7
22. f4 Qh4 23. Qxh4 Rxh4 24. h3 Re8 25. Kh2 f6 26. Kg3 Rhh8 27. Rf2 Re7 28. Rfe2
Rhe8 29. Kf2 Rc8 30. h4 Rh8 31. Rh1 Ree8 32. Ree1 f5 33. fxe5 dxe5 34. exf5 e4
35. Bc2 Rhf8 36. Bf4 Rxf5 37. Ke3 Kh7 38. g4 Ra5 39. Bb3 Nf6 40. Reg1 Bc8 41.
Bxc7 Nxg4+ 42. Ke2 e3 43. Bg3 Nf6 44. Be5 Ng4 45. Bg3 Bb7 46. d5 Bc8 47. h5 g5
48. Rf1 Kg7 1/2-1/2

[Event "Ogolnopolska Olimpiada Mlodziezy C-12"]
[Site "Spala"]
[Date "1899-12-30"]
[Round "1.13"]
[White "Dabrowski, Damian"]
[Black "Poziomkowski, Szymon"]
[Result "1/2-1/2"]
[WhiteTitle "II+"]
[BlackTitle "II+"]
[WhiteElo "1627"]
[BlackElo "1431"]

1. e4 c5 2. Nf3 e6 3. d4 cxd4 4. Nxd4 a6 5. Bd3 Qc7 6. O-O Nf6 7. Nc3 d6 8. Be3
Nbd7 9. f4 b5 10. a3 Bb7 11. Qf3 Nc5 12. g4 d5 13. e5 Nfe4 14. Bxe4 Nxe4 15. Nxe4
dxe4 16. Qe2 Bc5 17. Rad1 O-O 18. c3 Bd5 19. Rfe1 Bc4 20. Qg2 Bd3 21. Nb3 Bxe3+
22. Rxe3 f6 23. Nc1 Qb6 24. Qf2 fxe5 25. Nxd3 exd3 26. Rxe5 Qxf2+ 27. Kxf2 Rxf4+
28. Kg3 Raf8 29. Rxd3 Rf2 30. Rxe6 Rxb2 31. Rxa6 Rff2 32. Ra7 h6 33. Rf3 Rxf3+
34. Kxf3 Rb3 35. Rc7 Rxa3 36. Kg2 Ra2+ 37. Kg3 Rc2 38. Rc5 Kf7 39. Rxb5 Rxc3+
40. Kg2 Kf6 41. h3 Rd3 1/2-1/2

[Event "Ogolnopolska Olimpiada Mlodziezy C-12"]
[Site "Spala"]
[Date "1899-12-30"]
[Round "1.14"]
[White "Fus, Jakub"]
[Black "Mis, Mieszko"]
[Result "0-1"]
[WhiteTitle "II"]
[BlackTitle "I"]
[WhiteElo "1429"]
[BlackElo "1619"]

1. d4 Nf6 2. c4 g6 3. Nc3 Bg7 4. g3 O-O 5. Bg2 d6 6. Nf3 Nc6 7. O-O e5 8. d5 Ne7
9. e4 Nd7 10. Ne1 f5 11. Nd3 h6 12. Bd2 g5 13. b4 f4 14. g4 Nf6 15. f3 h5 16.
h3 Ng6 17. Kh2 Kf7 18. Rh1 Nh4 19. Be1 Nxg2 20. Kxg2 Rh8 21. Nf2 Qe7 22. Nb1 Bd7
23. Bc3 Rh7 24. Nd2 Rah8 25. Qe2 Rh6 26. Nb3 R8h7 27. Bb2 Qf8 28. Nd2 Qh8 29.
Nb3 hxg4 30. hxg4 Rh2+ 31. Rxh2 Rxh2+ 32. Kf1 Qh4 33. Nc1 Bxg4 34. fxg4 Rh1+ 35.
Nxh1 Qxh1+ 36. Kf2 Nxe4+ 0-1

[Event "Ogolnopolska Olimpiada Mlodziezy C-12"]
[Site "Spala"]
[Date "1899-12-30"]
[Round "1.15"]
[White "Polczyk, Mikolaj"]
[Black "Wilk, Radoslaw"]
[Result "1-0"]
[WhiteTitle "II+"]
[BlackTitle "II"]
[WhiteElo "1594"]
[BlackElo "1422"]

1. e4 c5 2. Nf3 d6 3. d4 cxd4 4. Nxd4 Nf6 5. Nc3 a6 6. Bg5 Nbd7 7. f4 Qc7 8. Qf3
b5 9. O-O-O Bb7 10. Bxf6 Nxf6 11. a3 g6 12. Nd5 Nxd5 13. exd5 Bg7 14. f5 Rc8 15.
c3 Qb6 16. Kb1 O-O 17. h4 Rfd8 18. fxg6 hxg6 19. h5 g5 20. Qf5 Bf6 21. Bd3 Rc5
22. Qh7+ Kf8 23. Ne6+ Ke8 24. Nxc5 Qxc5 25. Bf5 Kf8 26. Be6 fxe6 27. dxe6 Bg7
28. Rhf1+ 1-0

[Event "Ogolnopolska Olimpiada Mlodziezy C-12"]
[Site "Spala"]
[Date "1899-12-30"]
[Round "1.16"]
[White "Maciejewski, Kamil"]
[Black "Kozlowski, Pawel"]
[Result "0-1"]
[WhiteTitle "II+"]
[BlackTitle "II"]
[WhiteElo "1384"]
[BlackElo "1577"]

1. e4 e6 2. d4 d5 3. Nc3 Bb4 4. e5 Ne7 5. a3 Bxc3+ 6. bxc3 c5 7. Qg4 Ng6 8. h4
h5 9. Qg3 c4 10. Ne2 Nc6 11. Nf4 Nce7 12. Nxg6 Nxg6 13. Be2 Bd7 14. Rb1 b6 15.
f4 Ba4 16. Bd1 Qe7 17. Rb4 b5 18. Qg5 Qxg5 19. hxg5 a6 20. Rb2 h4 21. Kf2 O-O-O
22. Kf3 Ne7 23. Kg4 Nf5 24. Bd2 Rdg8 25. Kh3 Kc7 26. Bg4 Ne7 27. Be1 Ng6 28. Bd2
Ne7 29. Rf1 g6 30. Be1 Rh7 31. Bxh4 Rgh8 32. g3 Nc6 33. Kg2 Kb6 34. Kf3 a5 35.
Rd1 Rb8 36. Ke3 Rhh8 37. Kd2 Ka6 38. Rdb1 Rhc8 39. Ke3 b4 40. axb4 axb4 41. cxb4
c3 42. Be2+ Kb6 43. Ra2 Bb5 44. Bxb5 Kxb5 45. Ke2 Nxd4+ 46. Kd3 Nc6 47. Kxc3 Nxe5+
48. Kd2 Nc4+ 49. Kd3 Ra8 50. Rxa8 Rxa8 51. c3 Ra2 52. Rc1 Rd2# 53. Kd4 0-1

[Event "Ogolnopolska Olimpiada Mlodziezy C-12"]
[Site "Spala"]
[Date "1899-12-30"]
[Round "1.17"]
[White "Kopaczewski, Adam"]
[Black "Baran, Mateusz"]
[Result "1-0"]
[WhiteTitle "II+"]
[BlackTitle "II"]
[WhiteElo "1575"]
[BlackElo "1377"]

1. e4 e5 2. Nf3 Nc6 3. d4 exd4 4. c3 dxc3 5. Nxc3 Bb4 6. Bc4 d6 7. Qb3 Qe7 8. O-O
Bxc3 9. bxc3 Nf6 10. Bg5 O-O 11. Bd3 Ne5 12. Nxe5 Qxe5 13. f4 Qc5+ 14. Kh1 Be6
15. Qc2 Nd7 16. Rf3 f5 17. Rb1 Nb6 18. Rb5 Qc6 19. exf5 Bd5 20. Rh3 Rae8 21. Rb1
Nc4 22. f6 g6 23. Rxh7 Ne3 24. Rg7+ Kh8 25. Qf2 Nxg2 26. Kg1 Qxc3 27. Bxg6 Re3
28. Rh7+ Kg8 29. f7+ Bxf7 30. Rxf7 Rxf7 31. Bxf7+ Kxf7 32. Kxg2 Qd3 33. Rd1 Qe4+
34. Kg1 Rf3 35. Qd2 c6 36. Qxd6 Qe3+ 37. Kh1 Qe2 38. Qf6+ Kg8 39. Rd8+ Kh7 40.
Rh8# 1-0

[Event "Ogolnopolska Olimpiada Mlodziezy C-12"]
[Site "Spala"]
[Date "1899-12-30"]
[Round "1.18"]
[White "Gozdzicki, Maciej"]
[Black "Pijewski, Milosz"]
[Result "1-0"]
[WhiteTitle "II"]
[BlackTitle "II"]
[WhiteElo "1373"]
[BlackElo "1572"]

1. d4 Nf6 2. c4 e6 3. Nc3 Bb4 4. Bd2 O-O 5. Nf3 b6 6. a3 Be7 7. e4 Bb7 8. Qc2 d5
9. e5 dxc4 10. exf6 Bxf6 11. Bxc4 Bxf3 12. gxf3 Qxd4 13. Bd3 g6 14. Be3 Qe5 15.
O-O-O a6 16. h4 Rc8 17. h5 c5 18. hxg6 hxg6 19. Rdg1 Kf8 20. Bh6+ Ke7 21. Re1
Bg5+ 22. Kb1 Qf4 23. Nd5+ Kd6 24. Nxf4 Bxf4 25. Bxf4+ Kd7 26. Bxg6 1-0

[Event "Ogolnopolska Olimpiada Mlodziezy C-12"]
[Site "Spala"]
[Date "1899-12-30"]
[Round "1.19"]
[White "Pacan-milej, Kosma"]
[Black "Janczak, Dominik"]
[Result "1-0"]
[WhiteTitle "II+"]
[BlackTitle "II"]
[WhiteElo "1558"]
[BlackElo "1336"]

1. d4 d5 2. c4 Bf5 3. cxd5 Nf6 4. Nc3 Nxd5 5. Qb3 Nxc3 6. bxc3 Qc8 7. Nf3 e6 8.
e3 Nc6 9. Be2 Bd6 10. O-O O-O 11. Bb2 Rb8 12. Nd2 Qd8 13. e4 Bg6 14. Bd3 Bh5 15.
Qc2 Bf4 16. e5 Bxd2 17. Qxd2 Qd7 18. Qc2 Bg6 19. Bxg6 hxg6 20. Rad1 Rfd8 21. c4
Ne7 22. Rfe1 Qc6 23. a4 Nd5 24. Rc1 Ne7 25. Red1 Nf5 26. Qb3 Qd7 27. d5 Qe7 28.
Ba3 Qg5 29. Qc3 exd5 30. cxd5 Rbc8 31. Qd2 Qxd2 32. Rxd2 Rd7 33. g4 Nh4 34. Rc3
g5 35. Rcd3 Re8 36. Bb2 a6 37. Kf1 Ng6 38. Re3 Nf4 39. d6 cxd6 40. exd6 Red8 41.
Ba3 f6 42. Rc3 Kf7 43. Ke1 Ne6 44. Kd1 g6 45. Kc2 Ra8 46. Kb3 Rb8 47. Kb4 b6 48.
Kb3 Nc5+ 49. Bxc5 bxc5+ 50. Kc4 Ke6 51. Re3+ Kf7 52. Kxc5 Rc8+ 53. Kb6 Rcd8 54.
Red3 Ra8 55. a5 Ke6 56. Re3+ Kf7 57. Rc3 Ke6 58. Rc6 Ke5 59. Re2+ Kd5 60. Rd2+
Ke5 61. Rc5+ Ke6 62. Re2+ Kf7 63. Rc7 Rad8 64. Kc6 Rxc7+ 65. dxc7 Rc8 66. Kb7
Rxc7+ 67. Kxc7 f5 68. gxf5 gxf5 69. Rc2 Ke6 70. Rc6+ Ke5 71. Rxa6 Kf4 72. Rf6
Kg4 73. a6 f4 74. Rxf4+ gxf4 75. a7 Kf3 76. a8=Q+ Kxf2 77. h4 Kg3 78. h5 f3 79.
Qxf3+ Kxf3 80. h6 Ke4 81. h7 Ke5 82. h8=Q+ Kd5 83. Qe8 Kd4 84. Kd6 Kd3 85. Kd5
Kc3 86. Qe4 Kb3 87. Qc4+ Kb2 88. Kc5 Ka3 89. Qb4+ Ka2 90. Kc4 Ka1 1-0

[Event "Ogolnopolska Olimpiada Mlodziezy C-12"]
[Site "Spala"]
[Date "1899-12-30"]
[Round "1.20"]
[White "Frank, Mateusz"]
[Black "Golecki, Jan"]
[Result "0-1"]
[WhiteTitle "II"]
[BlackTitle "II"]
[WhiteElo "1329"]
[BlackElo "1555"]

1. e4 d5 2. Nc3 dxe4 3. Nxe4 Qd5 4. Nc3 Qa5 5. Bc4 Nf6 6. d3 c6 7. Bd2 Bg4 8. Nf3
e6 9. Ne4 Qd8 10. Bg5 Nbd7 11. h3 Bh5 12. g4 Bg6 13. Nfd2 Be7 14. Nxf6+ Bxf6 15.
Bxf6 Nxf6 16. Nf3 O-O 17. Qd2 Qc7 18. O-O Nd5 19. Bxd5 cxd5 20. c3 e5 21. Rfe1
f6 22. Nh4 Bf7 23. Nf5 h5 24. Qe3 hxg4 25. hxg4 Be6 26. Qf3 Qd7 27. Ne3 Rad8 28.
Qg3 Qb5 29. Nd1 d4 30. c4 Qe8 31. f4 exf4 32. Qxf4 Qd7 33. Nf2 Qd6 34. Qxd6 Rxd6
35. Re2 f5 36. Rae1 Bd7 37. gxf5 Rxf5 38. Ne4 Rg6+ 39. Rg2 Rxg2+ 40. Kxg2 Bc6
41. b4 a6 42. Kg3 g5 43. Kg4 Bd7 44. Kg3 g4 45. Nc5 Rf3+ 46. Kg2 Bc6 47. Kg1 Re3
48. Rxe3 dxe3 49. d4 Kf7 50. d5 Be8 51. Kg2 Kf6 52. Nd3 Bg6 53. Nf4 Be4+ 54. Kg3
Bf3 55. Nd3 e2 56. a3 Ke7 57. Kf2 Kd6 58. a4 b5 59. cxb5 Kxd5 60. bxa6 Kd4 61.
Ne1 Kc3 62. b5 Kd2 63. a7 Ba8 64. Nc2 g3+ 65. Kxg3 Kxc2 66. b6 e1=Q+ 67. Kf4 Qb4+
0-1

[Event "Ogolnopolska Olimpiada Mlodziezy C-12"]
[Site "Spala"]
[Date "1899-12-30"]
[Round "1.21"]
[White "Pniaczek, Marek"]
[Black "Ciesielski, Maciej"]
[Result "1-0"]
[WhiteTitle "II"]
[BlackTitle "II"]
[WhiteElo "1527"]
[BlackElo "1201"]

1. e4 c5 2. Nf3 e6 3. d4 cxd4 4. Nxd4 a6 5. Bd3 Qc7 6. Qe2 Nc6 7. Nxc6 dxc6 8.
O-O Nf6 9. Nc3 b5 10. a3 Bb7 11. f4 Be7 12. Kh1 O-O 13. e5 Nd5 14. Ne4 Rac8 15.
Bd2 c5 16. c3 c4 17. Bc2 Rfd8 18. Rf3 Qd7 19. Rh3 Nc7 20. Rxh7 g6 21. Rh6 Bxe4
22. Qxe4 Bf8 23. Rh4 Qxd2 24. Rf1 Rd7 25. h3 Qd5 26. Qe2 Rcd8 27. Kh2 Qc6 28.
Be4 Qc5 29. Qg4 Qe3 30. f5 Qd2 31. fxg6 fxg6 32. Bxg6 Bg7 33. Bh7+ Kh8 34. Bf5+
Bh6 35. Qg6 Rg7 36. Rxh6+ Kg8 37. Bxe6+ Nxe6 38. Qxe6+ Rf7 39. Qxf7# 1-0

[Event "Ogolnopolska Olimpiada Mlodziezy C-12"]
[Site "Spala"]
[Date "1899-12-30"]
[Round "2.1"]
[White "Mis, Mieszko"]
[Black "Pultorak, Jan"]
[Result "1-0"]
[WhiteTitle "I"]
[BlackTitle "I"]
[WhiteElo "1619"]
[BlackElo "1965"]

1. e4 c5 2. Nf3 Nc6 3. d4 cxd4 4. Nxd4 Qb6 5. Nb3 Nf6 6. Nc3 e6 7. Bd3 Be7 8. O-O
O-O 9. Kh1 d6 10. Qe2 a6 11. f4 Qc7 12. Be3 b5 13. g4 Bb7 14. g5 Nd7 15. Kg1 b4
16. Nd1 d5 17. exd5 exd5 18. Bxh7+ Kxh7 19. Qh5+ Kg8 20. Rf3 g6 21. Qh6 Nf6 22.
gxf6 Bxf6 23. Rh3 Rfe8 24. Bc5 Ne7 25. Ne3 Bg7 26. Qh7+ Kf8 27. f5 d4 28. fxg6
dxe3 29. Rf1 Bd5 30. Rxf7+ Bxf7 31. Rf3 Red8 32. gxf7 Rd1+ 33. Kg2 Rd2+ 34. Kf1
Rd1+ 35. Ke2 Rd2+ 36. Ke1 Rd6 37. Rg3 Nf5 38. Qxf5 Rad8 39. Qg6 1-0

[Event "Ogolnopolska Olimpiada Mlodziezy C-12"]
[Site "Spala"]
[Date "1899-12-30"]
[Round "2.2"]
[White "Kosakowski, Jakub"]
[Black "Polczyk, Mikolaj"]
[Result "0-1"]
[WhiteTitle "I+"]
[BlackTitle "II+"]
[WhiteElo "1953"]
[BlackElo "1594"]

1. e4 e6 2. d4 d5 3. Nc3 Nf6 4. e5 Nfd7 5. f4 c5 6. Nf3 Nc6 7. Be3 cxd4 8. Nxd4
Bc5 9. Qd2 O-O 10. O-O-O a6 11. Nb3 Bxe3 12. Qxe3 b5 13. Bd3 Nb4 14. g4 Bb7 15.
Nd4 Nxd3+ 16. Qxd3 Nc5 17. Qe3 b4 18. Nce2 a5 19. f5 a4 20. Ng3 Kh8 21. Nh5 Rg8
22. Rdf1 b3 23. cxb3 axb3 24. a3 Ba6 25. Rf3 Qc7 26. Kb1 Bd3+ 27. Ka1 Qb6 28.
Rf2 Qb4 0-1

[Event "Ogolnopolska Olimpiada Mlodziezy C-12"]
[Site "Spala"]
[Date "1899-12-30"]
[Round "2.3"]
[White "Kozlowski, Pawel"]
[Black "Teclaf, Pawel"]
[Result "0-1"]
[WhiteTitle "II"]
[BlackTitle "CM"]
[WhiteElo "1577"]
[BlackElo "1917"]

1. b4 e5 2. Bb2 Bxb4 3. Bxe5 Nf6 4. Nf3 Nc6 5. Bb2 O-O 6. e3 d5 7. Be2 Bg4 8. O-O
Bd6 9. d3 Bxf3 10. Bxf3 Be5 11. d4 Bd6 12. Nd2 Ne7 13. e4 dxe4 14. Bxe4 Ng6 15.
c4 Bxh2+ 16. Kxh2 Nxe4 17. Nxe4 Qh4+ 18. Kg1 Qxe4 19. Re1 Qc6 20. Rc1 Nf4 21.
d5 Qg6 22. Qf3 Nd3 23. Re4 Nxb2 24. Qe2 Na4 25. c5 b5 26. Rg4 Rae8 27. Qd1 Re1+
28. Qxe1 Qxg4 29. d6 cxd6 30. cxd6 Nb6 31. Rc7 Qe6 32. Qd1 Rd8 33. Re7 Qxe7 0-1

[Event "Ogolnopolska Olimpiada Mlodziezy C-12"]
[Site "Spala"]
[Date "1899-12-30"]
[Round "2.4"]
[White "Lis, Mateusz"]
[Black "Kopaczewski, Adam"]
[Result "0-1"]
[WhiteTitle "I"]
[BlackTitle "II+"]
[WhiteElo "1846"]
[BlackElo "1575"]

1. e4 e5 2. Nf3 Nc6 3. Bb5 a6 4. Bxc6 dxc6 5. O-O Bg4 6. h3 h5 7. d3 Qf6 8. Nbd2
g5 9. Re1 Be6 10. Nh2 g4 11. hxg4 hxg4 12. Ndf1 Bc5 13. Be3 Bxe3 14. Rxe3 Qh4
15. g3 Qh5 16. f3 Nf6 17. f4 O-O-O 18. f5 Bd7 19. Re2 c5 20. Qe1 Bc6 21. Rg2 c4
22. Rd1 Rd4 23. Rgd2 cxd3 24. cxd3 Rhd8 25. Qe3 Bb5 26. b3 a5 27. a4 Ba6 28. Kg2
R8d7 29. Kg1 Kb8 30. Rc1 Bxd3 31. Rcd1 Bxe4 32. Rxd4 exd4 33. Rxd4 Qxf5 34. Rxd7
Nxd7 35. Qh6 Qc5+ 36. Ne3 f5 37. Nhf1 Ne5 38. Qf6 b6 39. Qd8+ Kb7 40. Kf2 Nd3+
41. Kg1 f4 42. gxf4 Nxf4 43. Qd2 Nh3+ 44. Kh2 Ng5 45. Qb2 Qd6+ 46. Ng3 Nf3+ 47.
Kg2 Qd2+ 48. Qxd2 Nxd2+ 49. Nxe4 Nxe4 50. Nxg4 Nc5 51. Ne5 Nxb3 52. Nc4 Kc6 0-1

[Event "Ogolnopolska Olimpiada Mlodziezy C-12"]
[Site "Spala"]
[Date "1899-12-30"]
[Round "2.5"]
[White "Szpar, Milosz"]
[Black "Pacan-milej, Kosma"]
[Result "0-1"]
[WhiteTitle "I"]
[BlackTitle "II+"]
[WhiteElo "1798"]
[BlackElo "1558"]

1. Nf3 d5 2. c4 c6 3. g3 Nf6 4. b3 g6 5. Bg2 Bg7 6. Bb2 O-O 7. O-O e6 8. d3 Nbd7
9. Nbd2 Re8 10. e4 dxe4 11. dxe4 e5 12. Qc2 b6 13. Rad1 Qc7 14. b4 Bf8 15. Bc3
Bb7 16. Ne1 a5 17. a3 axb4 18. axb4 Bg7 19. Nd3 Rad8 20. Qb2 Re7 21. Rde1 Ne8
22. f4 exf4 23. Bxg7 Nxg7 24. gxf4 Nf8 25. Ne5 Qd6 26. Ndf3 Nfe6 27. f5 gxf5 28.
exf5 Nxf5 29. Ng4 Neg7 30. Ng5 h6 31. Rxe7 Qxe7 32. Rxf5 hxg5 33. Rf3 Rd1+ 34.
Bf1 Qe6 35. Nf6+ Kf8 36. Qc2 Qd6 37. c5 Qd4+ 38. Rf2 Ba6 39. Nh7+ Ke8 40. Nf6+
Kd8 41. Kg2 Bxf1+ 42. Kg3 Qh4+ 43. Kf3 Qf4# 0-1